000 00549cab a2200205 4500
001 WB3040-66
008 090401t1994 xxu||||| |||| 00| 0 eng d
035 _a(Sirsi) u75922
041 _aeng
245 _aADAS future
260 _c1994
350 _a0
490 _aBirmingham Post
_v27 October 1994, 39(1)
520 _aFarmers are concerned that Government plans to partially privatise Adas will lead to increased costs.
650 _aADAS
650 _aPRIVATISATION
690 _aRURAL PRACTICE
942 _n0
948 _c04/03/1997
999 _c47762
_d47762